000 00457nam a2200157 i 4500
001 34904
003 ES-MaACL
005 20230906155022.0
007 t|
008 030211s1956 sp ||||1| spa d
100 1 _aBonnin, Ana Inés.
_930281
245 1 3 _aUn hombre, dos corbatas y un perro /
_cAna Inés Bonnin Armstrong.
260 _aMadrid :
_bInsula,
_c1956 (
_fS. Aguirre Torre)
300 _a134 p. ;
_c20 cm.
852 _aES-MaACL
_jC-10395
_bR.38630
999 _c34904
_d34904